NFL First Drafted Quarterback by Year - Statistics

General Stats
  • This quiz has been taken 88 times
  • The average score is 21 of 26
Answer Stats
Year Team Player % Correct
2021 Jaguars Trevor Lawrence
100%
2024 Bears Caleb Williams
99%
2025 Titans Cam Ward
99%
2020 Bengals Joe Burrow
99%
2016 Rams Jared Goff
97%
2019 Cardinals Kyler Murray
97%
2023 Panthers Bryce Young
96%
2018 Browns Baker Mayfield
95%
2022 Steelers Kenny Pickett
95%
2015 Buccaneers Jameis Winston
94%
2006 Titans Vince Young
92%
2012 Colts Andrew Luck
90%
2011 Panthers Cam Newton
90%
2009 Lions Matthew Stafford
87%
2017 Bears Mitchell Trubisky
87%
2008 Falcons Matt Ryan
84%
2001 Falcons Michael Vick
78%
2014 Jaguars Blake Bortles
77%
2004 Chargers Eli Manning
75%
2002 Texans David Carr
73%
2007 Raiders JaMarcus Russell
71%
2003 Bengals Carson Palmer
66%
2005 49ers Alex Smith
61%
2010 Rams Sam Bradford
58%
2013 Bills EJ Manuel
48%
2000 Jets Chad Pennington
39%
No matching quizzes found
Score Distribution
Percent of People with Each Score
Percentile by Number Answered
Your Score History
You have not taken this quiz